Nacho tiene un perrito / (Record no. 24661)

MARC details
000 -LEADER
fixed length control field 01446cam a2200409Ia 4500
001 - CONTROL NUMBER
control field 907166082
003 - CONTROL NUMBER IDENTIFIER
control field OCoLC
005 - DATE AND TIME OF LATEST TRANSACTION
control field 20200703144428.0
008 - FIXED-LENGTH DATA ELEMENTS--GENERAL INFORMATION
fixed length control field 150311s2015 sp a j 000 1 spa d
020 ## - INTERNATIONAL STANDARD BOOK NUMBER
International Standard Book Number 9788426393661
020 ## - INTERNATIONAL STANDARD BOOK NUMBER
International Standard Book Number 8426393667
040 ## - CATALOGING SOURCE
Original cataloging agency SNR
Transcribing agency SNR
Modifying agency SNR
041 1# - LANGUAGE CODE
Language code of text/sound track or separate title spa
Language code of original dut
092 ## - LOCALLY ASSIGNED DEWEY CALL NUMBER (OCLC)
Classification number SP E
Item number Slegers
100 1# - MAIN ENTRY--PERSONAL NAME
Personal name Slegers, Liesbet.
240 10 - UNIFORM TITLE
Uniform title <a href="Karel krijgt een hondje.">Karel krijgt een hondje.</a>
Language of a work Spanish.
245 10 - TITLE STATEMENT
Title Nacho tiene un perrito /
Statement of responsibility, etc. Liesbet Slegers.
260 ## - PUBLICATION, DISTRIBUTION, ETC. (IMPRINT)
Place of publication, distribution, etc. [Zaragoza] :
Name of publisher, distributor, etc. Luis Vives Editorial,
Date of publication, distribution, etc. 2015.
300 ## - PHYSICAL DESCRIPTION
Extent 1 volume (unpaged) :
Other physical details chiefly color illustrations ;
Dimensions 23 cm.
336 ## - CONTENT TYPE
Content type term text
Content type code txt
Source rdacontent.
337 ## - MEDIA TYPE
Media type term unmediated
Media type code n
Source rdamedia.
338 ## - CARRIER TYPE
Carrier type term volume
Carrier type code nc
Source rdacarrier.
490 1# - SERIES STATEMENT
Series statement Nacho y Laura ;
Volume/sequential designation 2.
520 ## - SUMMARY, ETC.
Summary, etc. "Nacho tiene un perrito. Una historia entra©łable sobre la primera mascota de un ni©ło y los cuidados que necesita."--Casadellibro.
650 #0 - SUBJECT ADDED ENTRY--TOPICAL TERM
Topical term or geographic name as entry element Dogs
Form subdivision Juvenile fiction.
650 #0 - SUBJECT ADDED ENTRY--TOPICAL TERM
Topical term or geographic name as entry element Pets
Form subdivision Juvenile fiction.
650 #0 - SUBJECT ADDED ENTRY--TOPICAL TERM
Topical term or geographic name as entry element Spanish language materials.
650 #0 - SUBJECT ADDED ENTRY--TOPICAL TERM
Topical term or geographic name as entry element Picture Books.
650 #7 - SUBJECT ADDED ENTRY--TOPICAL TERM
Topical term or geographic name as entry element Perros
Form subdivision Novela juvenil.
Source of heading or term bidex.
650 #7 - SUBJECT ADDED ENTRY--TOPICAL TERM
Topical term or geographic name as entry element Dogs.
Source of heading or term fast
Authority record control number (OCoLC)fst00896265.
650 #7 - SUBJECT ADDED ENTRY--TOPICAL TERM
Topical term or geographic name as entry element Pets.
Source of heading or term fast
Authority record control number (OCoLC)fst01059908.
650 #7 - SUBJECT ADDED ENTRY--TOPICAL TERM
Topical term or geographic name as entry element Mascotas
Form subdivision Novela juvenil.
Source of heading or term qlsp.
655 #7 - INDEX TERM--GENRE/FORM
Genre/form data or focus term Fiction.
Source of term fast
Authority record control number (OCoLC)fst01423787.
655 #7 - INDEX TERM--GENRE/FORM
Genre/form data or focus term Juvenile works.
Source of term fast
Authority record control number (OCoLC)fst01411637.
800 1# - SERIES ADDED ENTRY--PERSONAL NAME
Personal name Slegers, Liesbet.
Title of a work Nacho y Laura ;
Volume/sequential designation 2.
942 ## - ADDED ENTRY ELEMENTS (KOHA)
Koha item type Libro/Book
Source of classification or shelving scheme Dewey Decimal Classification
Holdings
Withdrawn status Lost status Source of classification or shelving scheme Damaged status Not for loan Home library Current library Date acquired Total Checkouts Barcode Date last seen Date checked out Price effective from Koha item type
    Dewey Decimal Classification     La Puerta Biblioteca -- Satellite La Puerta Biblioteca -- Satellite 22/04/2019 12 40301954 15/03/2022 10/06/2021 22/04/2019 Libro/Book

Powered by Koha